Parque do Tiete: plano de reurbanizacáo da Margem do Rio Tiete
-д хадгалсан:
| Үндсэн зохиолч: | |
|---|---|
| Формат: | Ном |
| Хэл сонгох: | португал |
| Хэвлэсэн: |
Sao Paulo
Almed
1986
|
| Нөхцлүүд: | |
| Шошгууд: |
Шошго нэмэх
Шошго байхгүй, Энэхүү баримтыг шошголох эхний хүн болох!
|
MARC
| LEADER | 00000nam a2200000 a 4500 | ||
|---|---|---|---|
| 001 | UCV9557 | ||
| 003 | CL-VaPUC | ||
| 008 | 921124e19860000BL |||||||||||||||||por|d | ||
| 082 | 0 | 4 | |a 712.5 |b NIE |2 21 |
| 100 | |a Niemeyer, Oscar |e autor |9 303576 | ||
| 245 | 1 | 0 | |a Parque do Tiete: plano de reurbanizacáo da Margem do Rio Tiete |
| 300 | |a 39 p | ||
| 942 | |c BK | ||
| 945 | |d 19921124 00:00:00 | ||
| 260 | |a Sao Paulo |b Almed |c 1986 | ||
| 650 | 0 | |a Arquitectura del paisaje |9 268210 | |
| 650 | 0 | |a Parques |9 303578 | |
| 651 | 7 | |a SAO PAULO, BRASIL |2 CL-VaPUC |9 268344 | |
| 583 | |a last modification |c 19921124 00:00:00 |k Rodrigo Vera | ||
| 999 | |c 214873 |d 214871 | ||
| 952 | |0 0 |1 0 |4 0 |6 712_500000000000000_NIE_1986 |7 0 |8 P |9 198685 |a BIBARQ |b BIBARQ |d 2019-11-14 |i 2660881 |o 712.5 NIE 1986 |p 2660881 |r 2025-01-20 |w 2019-11-14 |y BK |k ARQ | ||